000
00335nam a2200133Ia 4500
008
240624s9999 xx 000 0 und d
041
_a
eng
082
_a
333.91 ECH
100
_a
ECHTERNACHT LAURA
245
_a
PRICING URBAN WATER EVALUATION OF ECONOM
260
_c
2014
_a
Varanasi
_b
Springer
300
_a
100 p.
365
_c
ERU
_b
30
999
_c
31372
_d
31372